ছোটদের বাংলাপিডিয়া : বাংলাদেশ ও বিশ্ব, প্রথম খন্ড /

Библиографические подробности
Другие авторы: জামাল, আহমেদ আবদুল্লাহ
Формат:
Язык:Bengali
Опубликовано: ঢাকা : বাংলাদেশ এশিয়াটিক সোসাইটি, ২০১১.
Предметы:
Classic Catalogue: View this record in Classic Catalogue
LEADER 01264nam a2200241 a 4500
001 00023095
003 BD-DhAAL
008 110613s2011 bg abo e 001 0 ben d
020 |a 9789813327918 
040 |a BD-DhAAL  |c BD-DhAAL 
082 0 0 |a 954.92003  |2 23 
245 1 0 |a ছোটদের বাংলাপিডিয়া :  |b বাংলাদেশ ও বিশ্ব,  |n প্রথম খন্ড /  |c সম্পাদক, আহমেদ আবদুল্লাহ জামাল. 
260 |a ঢাকা :  |b বাংলাদেশ এশিয়াটিক সোসাইটি,  |c ২০১১. 
300 |a ৪১৭ পৃষ্ঠা :  |b চিত্র. (some col.), ম্যাপ ;  |c ২৯ সে.মি. 
362 1 |a Vol.1 
500 |a Includes index. প্রথম প্রকাশ 
541 1 |e 00023095 
651 0 |a Bangladesh  |v Encyclopedias. 
700 1 |a জামাল, আহমেদ আবদুল্লাহ.  |9 57456 
852 4 |a Ayesha Abed Library   |j General Shelf. 
942 |2 ddc  |c BK 
999 |c 10967  |d 10967 
952 |0 0  |1 0  |2 ddc  |4 0  |6 954_920030000000000_CHO  |7 0  |9 17173  |a BRACUL  |b BRACUL  |c REF  |d 2011-06-14  |e Aarong  |g 1000.00  |l 5  |m 53  |o 954.92003 CHO  |p 3010023095  |r 2019-04-21  |s 2019-01-27  |t 1  |v 2000.00  |w 2011-06-14  |y BK  |x Free/Complementary